000 02175cam a2200565 i 4500
001 45237
003 KOSZ 005
005 20250722120030.0
008 250718s2004 pl a f 000 0 pol
015 _aUWD 2004/11755
020 _a8371932375
035 _a991023896859705066
035 _a(PL-WaBN)b16531620-48omnis_nlop
035 _ab16531620
035 _a(OCoLC)69600455
035 _a(PL)b0000001653162
035 _a(EXLNZ-48OMNIS_NETWORK)9910450310705606
040 _aWA N
_cWA N
_dKOSZ 005/HR
_dKOSZ 005/RW
046 _k2004
080 _a535
080 _a536
080 _a621.1.01
080 _a(07)
100 1 _aMinkina, Waldemar
_d(1953- )
_eAutor
245 1 0 _aPomiary termowizyjne :
_bprzyrządy i metody /
_cWaldemar Minkina ; Politechnika Częstochowska.
260 _aCzęstochowa :
_bWydawnictwa Politechniki Częstochowskiej,
_c2004.
300 _a242, [1] strony :
_bfotografoe (w tym kolorowe), portrety, rysunki, tabele, wykresy ;
_c24 cm.
336 _aTekst
_btxt
_2rdacontent
337 _aBez urządzenia pośredniczącego
_bn
_2rdamedia
338 _aWolumin
_bnc
_2rdacarrier
380 _aKsiążki
380 _aPublikacje dydaktyczne
380 _aPublikacje naukowe
385 _mPoziom nauczania
_aSzkoły wyższe
388 1 _a2001-
504 _aBibliografia na stronach 223-[233].
521 8 _aKsiążka jest przeznaczona dla inżynierów i techników ze wszelkich dziedzin przemysłu, gospodarki komunalnej i bytowej, pracowników naukowych oraz studentów wydziałów szkół technicznych i uniwersytetów.
650 7 _aPomiary
_2DBN
650 7 _aTemperatura
_2DBN
650 7 _aTermodynamika
_2DBN
650 7 _aTermografia i termowizja
_2DBN
655 7 _aPodręcznik
_2DBN
658 _aFizyka i astronomia
658 _aInżynieria i technika
710 2 _aPolitechnika Częstochowska
710 2 _aWydawnictwo Politechniki Częstochowskiej
_4pbl
856 _uhttp://koha.tu.koszalin.pl/cgi-bin/koha/opac-detail.pl?biblionumber=45237
_yKatalog online BPK
942 _2UKD
_cKS
999 _c45237
_d45237